000 00659nam a22002537a 4500
003 UA-OsUOA
001 121355
007 ta
008 20170320b un ||||| |||| 00| 0 ukr d
100 _aСологуб Ф. К.
090 _a821.161.1
_bС60
942 _cBK
040 _aUA-OsUOA
_brus
_cUA-OsUOA
_dUA-OsUOA
245 _aМелкий бес
_bроман
300 _a303 с.
955 _a3
041 _arus
080 _a821.161.1
020 _a5-280-00096-5
591 _aДімаров А.
260 _aМ.
_bХудож. лит.
_c1988
650 7 _a82 Література. Літературознавство
_2UDC
999 _c407348
_d407348